Регионална библиотека "Любен Каравелов" - Русе

Скобелев (Запис номер 430906)

MARC детайли
000 -Лидер
Контролно поле с фиксирана дължина nam a22 a 4500
003 - Код на организацията, давaща контролен номер
Контролно поле BLK
005 - Дата и час на последна редакция
Контролно поле 20210902110436.0
008 - Елементи от данни с фиксирана дължина
fixed length control field 210710b bul|||||r ||||||| ||bul||
040 ## - Източник на каталожния запис
Идентификатор на билиотеката - собственик на записа BLK
041 ## - Код за език
Код за езика на текст/звукозапис или на отделно заглавие Руски
Код за езика КДБФ Руски
080 ## - УДК
Текстов определител УДК Руска литература
УДК код - определител по УДК 821.161.1
УДК определител -94
УДК - код + определител 821.161.1-94
080 ## - УДК
Текстов определител УДК Руски генерал
УДК код - определител по УДК 929 Скобелев, Михаил Дмитриевич
УДК - код + определител 929 Скобелев, Михаил Дмитриевич
100 ## - Редна дума - Автор
Автор Немирович-Данченко, Василий Иванович
Авторска отговорност първи автор
R(LIN) 1299
139 ## - Редно поле
Редна дума Немирович-Данченко, Василий Иванович
245 ## - Сведения за заглавието
Заглавие Скобелев
Подзаглавни данни Личные воспоминания и впечатления : В 2-х ч.
Редно поле (дума) Вас. Ив. Немирович-Данченко
Том Ч. 2
250 ## - Област на изданието
Сведения за изданието 3. изд.
260 ## - Област на издателските данни
Място на издаване, разпространение и проч. С.-Петербург
Име на издателя, разпространителя и проч. Тип. П.П. Сойкина
Година на издаване 1903
9 (RLIN) 447696
300 ## - Физическа характеристика
Страници 148 с.
Размери/Мащаб 19 см
380 ## - Жанр
Жанр Худож. лит.
600 #0 - Име на лице, използвано като предмет
9 (RLIN) 297727
За него / За нея Скобелев, Михаил Дмитриевич
852 ## - Местоположение
Форматна сигнатура Цб 8.190.48387
Фондова буква Основен фонд - ползва се само за читалня
856 4# - Електронен адрес и достъп
Електронен формат pdf - файл
Път до файла /url/
856 4# - Електронен адрес и достъп
Електронен формат pdf - файл
Път до файла /url/
999 ## - СИСТЕМНИ КОНТРОЛНИ НОМЕРА
Koha biblionumber 430906
Koha biblioitemnumber 430906
942 ## - АРТИКУЛИ
Вид на библиотечния материал Книги
Скрит в OPAC Не
Периодичен библиозапис Да
944 ## - СЪЗДАВАНЕ И РЕДАКЦИЯ на ЗАПИСА
Създаване/Редакция Създаване
Дата на регистрацията/редакция 2021-09-02
Служител, извършил регистрацията/редакцията нр
999 ## - СИСТЕМНИ КОНТРОЛНИ НОМЕРА
Koha biblioitemnumber 430902
Наличности
Код за отписване Код за изгубен артикул Източник на класификационната схема Код за повреда Коз за рестрикции Код за отдаване Артикулен № Име на библиотеката - собственик Име на библиотеката, в която се намира в момента Статус (Текущо местоположение) Дата на вписване в системата Местоположение - отдел Цена в лева Инвентарен номер Систематично азбучна сигнатура Баркод Цена в евро Служебен тип на артикула
  Не е изгубен Universal Decimal Classification Не е повреден само за читалня ползва се в читалня 851384 Регионална библиотека "Любен Каравелов" Русе Регионална библиотека "Любен Каравелов" Русе Хранилище 2021-09-07 Основен фонд - ползва се само за читалня 0.30 12767/58 Цб 8.190.48387 900000077394 0.15 Книги
Vip Innovations Ltd, Rousse, Bulgaria 2025